000 01257nam a2200349 i 4500
001 000022138
003 DO-SdBNP
005 20240515155110.0
007 ta
008 100917s2004 dr 001 0 spa d
020 _a9993490970
040 _aDO-SdBNP
_bspa
_cBNPHU
_erda
049 _aBNPD
082 4 _a972.9403
_bP349o, 2004
_222
100 1 _aPeña Batlle, Manuel Arturo,
_d1902-1952
_98406
_eautor
245 1 0 _aOrígenes del estado haitiano /
_cManuel Arturo Peña Batlle ; prólogo, Héctor Incáustegui Cabral
250 _asegunda edición
264 _aSanto Domingo :
_bLibrería La Trinitaria,
_c2004.
300 _a126 páginas ;
_c22 cm.
336 _2rdacontent
_atexto
_btxt
337 _2rdamedia
_asin mediación
_bn
338 _2rdacarrier
_avolumen
_bnc
500 _aIncluye referencias bibliográficas y notas al pie de las páginas.
590 _aInventariado, 2024/BT
650 4 _aEstado-ensayos, conferencias , etc.
_945834
651 4 _aHaití
_xHistoria
_yRevolución, 1791-1804
_99645
651 4 _aHaití
_xPolítica y gobierno
_912667
651 4 _aHaití
_xCondiciones sociales
_912666
700 1 _aIncháustegui Cabral, Héctor,
_eprólogo
_9776
910 _aValidado. Control de calidad EMS
942 _2ddc
_cLBS1
999 _c21636
_d21636